|
|
|
|
| LEADER |
00000nab a2200000 a 4500 |
| 001 |
vtls000883095 |
| 003 |
SK-MaSNL |
| 005 |
20260426083037.0 |
| 008 |
250429c2004 xo 0 slo |
| 015 |
|
|
|a SNBRB2004/08-25267
|
| 035 |
|
|
|a CLN000234573
|
| 035 |
|
|
|a urn:nbn:sk:snk-ab9ksy
|
| 035 |
|
|
|a (urnnbn)urn:nbn:sk:snk:ar-a08ihn
|
| 035 |
|
|
|a (uuid)4e0d27d4-3a75-4154-8158-03d782471fcb
|
| 040 |
|
|
|a SNKBUCL
|b slo
|c SNKBUCL
|e AACR2
|
| 041 |
0 |
|
|a slo
|
| 044 |
|
|
|a xo
|c SK
|
| 080 |
|
|
|a 94(437.6)"14":929.7
|2 1997
|
| 080 |
|
|
|a 929.7(437.6)"14"
|2 1997
|
| 100 |
1 |
|
|a Šperka, Andrej,
|d 1974-
|4 aut
|9 28127
|
| 245 |
1 |
0 |
|a Prešporok v susedstve mocných veľmožov
|b mesto kontra šľachta v stredoveku
|
| 300 |
|
|
|b Obr.
|
| 648 |
|
7 |
|a 15. storočie
|2 snkbucl
|9 293562
|
| 650 |
0 |
7 |
|a šľachta
|2 SNKPH
|9 28113
|
| 650 |
0 |
7 |
|a dejiny
|2 SNKPH
|9 3825
|
| 650 |
0 |
7 |
|a spory
|2 SNK
|9 16285
|
| 650 |
0 |
7 |
|a meštianstvo
|2 SNKPH
|9 161101
|
| 651 |
|
7 |
|a Bratislava (Slovensko)
|2 SNKPHgeo
|9 14568
|
| 651 |
|
7 |
|a Slovensko
|2 SNKPHgeo
|9 14231
|
| 655 |
|
7 |
|a články z novín a časopisov
|2 SNK
|9 267496
|
| 773 |
0 |
|
|t História
|g Roč. 4, č. 7-8 (2004), s. 9-10
|x 1335-8316
|
| 850 |
|
|
|a Slovenská národná knižnica
|
| 852 |
|
|
|a Slovenská národná knižnica
|
| 954 |
|
|
|a odborná, vedecká literatúra pôvodná (slovenská)
|2 lita
|
| 958 |
|
|
|a article13
|
| 958 |
|
|
|a OND
|
| 958 |
|
|
|a EUIPO
|
| 992 |
|
|
|a RBX
|
| 999 |
|
|
|c 2893752
|d 2895682
|